00512nam a2200193 a 4500001001300000003000900013005001700022008004100039020001000080082001800090100002300108245004200131260004200173300000900215500003500224505001000259650002600269700002300295nice12345678IN_TiNIC20260116013516.0050524s1980 dela grp 000 0 eng  ac20000a954.0234bSAR aSaran-Lal, Kishori aHistory of the Khiljis A.D. 1290-1320 aDelhibMunshiram Manoharlal Pubc1980 a388p aincludes index and biblioraphy2 aIndex aIndia-History Khaljis1 aSaran-Lal, Kishori